Memphis Grizzlies 2020's Starters - Statistics

General Stats
  • This quiz has been taken 537 times
    49 since last reset
  • The average score is 9 of 17
Answer Stats
Player Starts % Correct
Ja Morant 5
100%
Jaren Jackson Jr. 6
100%
Desmond Bane 4
95%
GG Jackson II 1
89%
Steven Adams 2
84%
Dillon Brooks 4
77%
Zach Edey 1
75%
Jonas Valančiūnas 2
55%
Jaylen Wells 2
45%
Santi Aldama 1
43%
Vince Williams Jr. 1
39%
Cedric Coward 1
34%
Kyle Anderson 1
16%
Grayson Allen 1
14%
John Konchar 1
14%
Jae Crowder 1
11%
Jock Landale 1
9%
No matching quizzes found
Score Distribution
Percent of People with Each Score
Percentile by Number Answered
Your Score History
You have not taken this quiz since the last reset